| 000 | 01577nam a2200289Ia 4500 | ||
|---|---|---|---|
| 999 |
_c36932 _d36932 |
||
| 001 | 2883 | ||
| 003 | GE_BSU | ||
| 005 | 20190423161254.0 | ||
| 008 | 181216s1993|||| |||||||||||||| ||geo|| | ||
| 040 | _cGE_BSU | ||
| 041 | _ageo | ||
| 080 | _a330.1(075.8)+330.342.14+330.52 მ–19 | ||
| 100 |
_aმაკკონელი , კ.რ _9408 |
||
| 245 |
_aეკონომიკსი : პრინციპები, პრობლემები და პოლიტიკა : _bოთხ ნაწილად. ნაწ . l l / _cკ. რ. მაკკონელი , ს.ლ . ბრიუ , მთარგმნ : კ . ღურწკაია , და სხვ. პ/მგ . რედ : კ. ღურწკაია , რ. გოგოხია |
||
| 264 |
_aთბილისი , _c1993 |
||
| 300 |
_a518 გვ : _e20 სმ . |
||
| 541 | _h12 ლ. | ||
| 653 | _aეკონომიკსი | ||
| 653 | _aპრინციპები, პრობლემები და პოლიტიკა | ||
| 653 | _aეკონომიკა | ||
| 653 | _a ეკონომიკის თეორია ფინანსები | ||
| 700 |
_aბრიუ , ს.ლ _9415 |
||
| 700 |
_aღურწკაია , კ _eმთარგმნელი _9416 |
||
| 700 |
_aღურწკაია , კ _eპასუხისმგებელი რედაქტორი _9416 |
||
| 700 |
_aგოგოხია , რ _eპასუხისმგებელი რედაქტორი _9417 |
||
| 942 |
_cBK _2udc |
||